000 00604nam a2200229Ia 4500
003 OSt
005 20221005073547.0
006 a|||||r|||| 00| 0
007 ta
008 221004b |||||||| |||| 00| 0 eng d
024 _a59750
037 _cTextual
040 _aCRL
_cCRL
_beng
041 _2eng
_aeng
082 _aV2:25xM89, K7
245 0 _aNehru and the modern world
260 _aNew Delhi
_bIndian National Commission for co-operation with Unesco
_c1967
300 _a118p.
_ccm.
650 _aHISTORY
942 _hV2:25xM89, K7
_cTEXL
_2cc
999 _c981327
_d981327